Регионална библиотека "Любен Каравелов" - Русе

Сикрет сървис (Запис номер 108692)

MARC детайли
000 -Лидер
Контролно поле с фиксирана дължина 02353nam a2200469 c 4500
003 - Код на организацията, давaща контролен номер
Контролно поле BLK
005 - Дата и час на последна редакция
Контролно поле 20200603094823.0
008 - Елементи от данни с фиксирана дължина
fixed length control field 180409b bul|||||r ||||||| ||bul||
010 ## - Наследен системен номер
LC control number KNG00114001000
020 ## - Международен стандартен номер на книга ISBN
Международен стандартен номер на книга ISBN 954-411-095-Х
-- издат.: Факел
040 ## - Източник на каталожния запис
Идентификатор на билиотеката - собственик на записа BLK
041 ## - Код за език
Код за езика на текст/звукозапис или на отделно заглавие Български
Код за езика КДБФ Български
080 ## - УДК
Текстов определител УДК Шпионаж. Политическо влияние чрез тайни (разузнавателни) служби
УДК код - определител по УДК 327.84
УДК определител (73)(091)
УДК - код + определител 327.84(73)(091)
080 ## - УДК
Текстов определител УДК Опазване на обществения ред и спокойствие
УДК код - определител по УДК 351.75
УДК определител (73)
УДК - код + определител 351.75(73)
080 ## - УДК
Текстов определител УДК Политика. Вж и 341 ; 342
УДК код - определител по УДК 32
УДК определител (73)(092)
УДК - код + определител 32(73)(092)
080 ## - УДК
Текстов определител УДК Биографии
УДК код - определител по УДК 929
УДК определител (73)
УДК - код + определител 929(73)
100 1# - Редна дума - Автор
Автор Мелансън, Филип
Авторска отговорност първи автор
R(LIN) 94690
139 ## - Редно поле
Редна дума Мелансън, Филип и др.
Авторски знак Мел - М 46
245 10 - Сведения за заглавието
Заглавие Сикрет сървис
Подзаглавни данни Тайната история на една секретна служба
Редно поле (дума) Филип Мелансън; съавт. Питър Стивънс; прев. от англ. Емил Андреев; прев. от англ. Александър Радев; прев. от англ. Мила Маринова; предг. от Бойко Борисов.
257 ## - Страна на издаване
Страна на създаване/издаване Съединени американски щати
260 ## - Област на издателските данни
-- София
Име на издателя, разпространителя и проч. Факел
Година на издаване 2004
Печатница София : Изток-Запад
300 ## - Физическа характеристика
Страници 336 с.
Илюстрации и др. ил.
Размери/Мащаб 22 см
380 ## - Жанр
Жанр Обществени науки
500 ## - Общи забележки
Забележка Ориг. загл. The Secret service / Philip H. Melanson, Peter F. Stevenes. - Съдържа и За авт.
650 #4 - Допълнително описание по предмет – тема
Основно описание – тема или топоним Разузнаване - САЩ
9 (RLIN) 256640
650 #4 - Допълнително описание по предмет – тема
Основно описание – тема или топоним Охрана и сигурност
9 (RLIN) 266473
650 #4 - Допълнително описание по предмет – тема
Основно описание – тема или топоним Президенти - САЩ
9 (RLIN) 247820
653 ## - Ключова дума – ненормативна
Ключова дума разузнаване
653 ## - Ключова дума – ненормативна
Ключова дума тайни служби
653 ## - Ключова дума – ненормативна
Ключова дума САЩ
653 ## - Ключова дума – ненормативна
Ключова дума охрана
700 1# - Други автори (авторска отговорност)
Лично име Стивънс, Питър
Автороска отговорност (Описва отношението между автора и произведението) съавт.
9 (RLIN) 311347
700 1# - Други автори (авторска отговорност)
Лично име Андреев, Емил
Автороска отговорност (Описва отношението между автора и произведението) прев. от англ.
Друга информация Иванов, Емил Андреев
9 (RLIN) 375568
700 1# - Други автори (авторска отговорност)
Лично име Радев, Александър
Автороска отговорност (Описва отношението между автора и произведението) прев. от англ.
9 (RLIN) 311348
700 1# - Други автори (авторска отговорност)
Лично име Маринова, Мила
Автороска отговорност (Описва отношението между автора и произведението) прев. от англ.
9 (RLIN) 311349
700 1# - Други автори (авторска отговорност)
Лично име Борисов, Бойко
Автороска отговорност (Описва отношението между автора и произведението) предг. от
9 (RLIN) 311350
852 ## - Местоположение
Форматна сигнатура Цб 220262
856 4# - Електронен адрес и достъп
Електронен формат pdf - файл
Път до файла /url/
856 4# - Електронен адрес и достъп
Електронен формат pdf - файл
Път до файла /url/
942 ## - АРТИКУЛИ
Вид на библиотечния материал Книги
Скрит в OPAC Не
Koha issues (borrowed), all copies 1
944 ## - СЪЗДАВАНЕ И РЕДАКЦИЯ на ЗАПИСА
Създаване/Редакция Създаване
Дата на регистрацията/редакция 08.07.2004
Служител, извършил регистрацията/редакцията Милена_Ачева
944 ## - СЪЗДАВАНЕ И РЕДАКЦИЯ на ЗАПИСА
Създаване/Редакция Редакция
Дата на регистрацията/редакция 21.10.2016
Служител, извършил регистрацията/редакцията Виолета_Тройчева
999 ## - СИСТЕМНИ КОНТРОЛНИ НОМЕРА
Koha biblionumber 108692
Koha biblioitemnumber 108692
Наличности
Код за отписване Код за изгубен артикул Източник на класификационната схема Код за повреда Коз за рестрикции Код за отдаване Артикулен № Име на библиотеката - собственик Име на библиотеката, в която се намира в момента Статус (Текущо местоположение) Дата на вписване в системата Местоположение - отдел Цена в лева Инвентарен номер Систематично азбучна сигнатура Баркод Номер на екземпляра Цена в евро Служебна бележка Служебен тип на артикула
  Не е изгубен Universal Decimal Classification Не е повреден без рестрикции заемане за дома 175183 Регионална библиотека "Любен Каравелов" Русе Регионална библиотека "Любен Каравелов" Русе Заемна - подръчен фонд 2004-07-08 Заемна - подръчен фонд 12.00 120000686809 П 351/М 46 120000686809 1 6.14 Дост: Pk Вид: Ф N: 8878 Дата: 08.07.2004 Дата инв: 05.02.2018 Бележки инв: П2018 Книги
Vip Innovations Ltd, Rousse, Bulgaria 2025